ბათუმის შოთა რუსთაველის სახელმწიფო უნივერსიტეტის ბიბლიოთეკა

Aggression replacement training (ბიბ.ჩანაწერი № 49680)

000 -LEADER
fixed length control field 00857nam a2200265Ia 4500
001 - CONTROL NUMBER
control field 16613
003 - CONTROL NUMBER IDENTIFIER
control field GE_BSU
005 - DATE AND TIME OF LATEST TRANSACTION
control field 20200131145343.0
008 - FIXED-LENGTH DATA ELEMENTS--GENERAL INFORMATION
fixed length control field 181216s||||||||xx |||||||||||||| ||und||
020 ## - INTERNATIONAL STANDARD BOOK NUMBER
International Standard Book Number ISBN 9780878226375 (pbk.)
040 ## - CATALOGING SOURCE
Transcribing agency GE_BSU
080 ## - UNIVERSAL DECIMAL CLASSIFICATION NUMBER
Universal Decimal Classification number 159.9
100 ## - MAIN ENTRY--PERSONAL NAME
Personal name Glick, Barry. John C. Gibbs.
9 (RLIN) 6640
245 ## - TITLE STATEMENT
Title Aggression replacement training
Remainder of title a comprehensive intervention for aggressive youth /
Statement of responsibility, etc. Barry Glick ; John C. Gibbs.
250 ## - EDITION STATEMENT
Edition statement 3rd ed., rev. and expanded.
264 ## - PRODUCTION, PUBLICATION, DISTRIBUTION, MANUFACTURE, AND COPYRIGHT NOTICE
Place of production, publication, distribution, manufacture Champaign :
Name of producer, publisher, distributor, manufacturer Research Press,
Date of production, publication, distribution, manufacture, or copyright notice 2011.
300 ## - PHYSICAL DESCRIPTION
Extent xii, 410 p; ill;28 cm.
300 ## - PHYSICAL DESCRIPTION
Other physical details + 1 CD-ROM (4 3/4 in.)
653 ## - INDEX TERM--UNCONTROLLED
keyword Aggression replacement training
653 ## - INDEX TERM--UNCONTROLLED
keyword ფსიქოლოგია
653 ## - INDEX TERM--UNCONTROLLED
keyword ქცევის თერაპია.
700 ## - ADDED ENTRY--PERSONAL NAME
Personal name Gibbs, John C
9 (RLIN) 6641
942 ## - ADDED ENTRY ELEMENTS (KOHA)
Koha item type წიგნი
Source of classification or shelving scheme
ეგზემპლარები
Withdrawn status Lost status Source of classification or shelving scheme Damaged status Not for loan Permanent Location Current Location Shelving location Date acquired Cost, normal purchase price Full call number Barcode Date last seen Copy number Price effective from Koha item type Public note
          ბათუმის შოთა რუსთაველის სახელმწიფო უნივერსიტეტის მთავარი ბიბლიოთეკა ბათუმის შოთა რუსთაველის სახელმწიფო უნივერსიტეტის მთავარი ბიბლიოთეკა წიგნსაცავი 2018-12-17 120.00 159.9 G-53 45131 2018-12-17 45131 2018-12-17 წიგნი 120 gel.